Countries that Have the Most Spotify Users - Statistics

General Stats
  • This quiz has been taken 74 times
  • The average score is 13 of 15
Answer Stats
Users Country % Correct
157M United States
100%
30M United Kingdom
96%
16M Canada
94%
26M France
94%
36M Brazil
93%
25M Germany
93%
27M India
91%
23M Italy
90%
28M Mexico
90%
16M Japan
88%
8M Spain
88%
9M Australia
86%
8M Argentina
72%
8M South Korea
71%
9M Thailand
43%
No matching quizzes found
Score Distribution
Percent of People with Each Score
Percentile by Number Answered
Your Score History
You have not taken this quiz